000 00205nam a2200085Ia 4500
008 250605s9999 xx 000 0 und d
041 _aeng
100 _aBaljeet Kaur
245 _aBajaj Allianz General Insurance
999 _c44213
_d44213